Online katalóg knižníc regiónu Turca

Cestovateľ (Record no. 22107)

MARC details
000 -LEADER
fixed length control field 01935cam a2200601 a 4500
001 - CONTROL NUMBER
control field 22107
003 - CONTROL NUMBER IDENTIFIER
control field VRT
005 - DATE AND TIME OF LATEST TRANSACTION
control field 20260320105557.0
008 - FIXED-LENGTH DATA ELEMENTS--GENERAL INFORMATION
fixed length control field 240313s2016 xo g 010 f slo
015 ## - NATIONAL BIBLIOGRAPHY NUMBER
National bibliography number SNBA2017/03
020 ## - INTERNATIONAL STANDARD BOOK NUMBER
International Standard Book Number 9788081641060
Qualifying information (viaz.)
035 ## - SYSTEM CONTROL NUMBER
System control number CC22BDF6-D423-4B53-BD08-D9E796689BA4
035 ## - SYSTEM CONTROL NUMBER
System control number urn:nbn:sk:snk-am3ib76
035 ## - SYSTEM CONTROL NUMBER
System control number urn:nbn:sk:snk-am00e0nw
039 #9 - LEVEL OF BIBLIOGRAPHIC CONTROL AND CODING DETAIL [OBSOLETE]
Level of rules in bibliographic description 202410072103
Level of effort used to assign nonsubject heading access points AUTHORITY
Level of effort used to assign subject headings 202410072041
Level of effort used to assign classification AUTHORITY
Level of effort used to assign subject headings 202410071913
Level of effort used to assign classification AUTHORITY
Level of effort used to assign subject headings 202404111418
Level of effort used to assign classification AUTHORITY
040 ## - CATALOGING SOURCE
Original cataloging agency POKPOH
Language of cataloging slo
Transcribing agency POKPOH
Modifying agency SNK
Description conventions AACR2
041 1# - LANGUAGE CODE
Language code of text/sound track or separate title slo
Language code of original eng
044 ## - COUNTRY OF PUBLISHING/PRODUCING ENTITY CODE
MARC country code xo
ISO country code SK
072 #7 - SUBJECT CATEGORY CODE
Subject category code 821.111(73)-3
Subject category code subdivision Americká próza
Source konspekt
080 ## - UNIVERSAL DECIMAL CLASSIFICATION NUMBER
Universal Decimal Classification number 821.111(73)-31
Edition identifier 2011
080 ## - UNIVERSAL DECIMAL CLASSIFICATION NUMBER
Universal Decimal Classification number (0:82-311.3)
Edition identifier 2011
080 ## - UNIVERSAL DECIMAL CLASSIFICATION NUMBER
Universal Decimal Classification number (0:82-312.9)
Edition identifier 2011
100 1# - MAIN ENTRY--PERSONAL NAME
Personal name Bracken, Alexandra,
Dates associated with a name 1987-
Relationship aut
240 14 - UNIFORM TITLE
Uniform title The Passenger
Language of a work Slovensky
245 10 - TITLE STATEMENT
Title Cestovateľ
Remainder of title [musím sa vrátiť]
Statement of responsibility, etc. Alexandra Bracken ; [preklad z anglického originálu ... Michal Zidor]
250 ## - EDITION STATEMENT
Edition statement 1. vyd.
260 ## - PUBLICATION, DISTRIBUTION, ETC.
Place of publication, distribution, etc. [Bratislava]
Name of publisher, distributor, etc. Motýľ
Date of publication, distribution, etc. 2016
300 ## - PHYSICAL DESCRIPTION
Extent 437 s.
Dimensions 21 cm
500 ## - GENERAL NOTE
General note Obálkový podnázov
500 ## - GENERAL NOTE
General note Miesto vydania podľa ISBN
655 #7 - INDEX TERM--GENRE/FORM
Genre/form data or focus term americké romány
Source of term SNKPH
655 #7 - INDEX TERM--GENRE/FORM
Genre/form data or focus term American novels
Source of term SNKPHeng
655 #7 - INDEX TERM--GENRE/FORM
Genre/form data or focus term Adventure novels
Source of term SNKPHeng
655 #7 - INDEX TERM--GENRE/FORM
Genre/form data or focus term dobrodružné romány
Source of term SNKPH
655 #7 - INDEX TERM--GENRE/FORM
Genre/form data or focus term Fantasy novels
Source of term SNKPHeng
655 #7 - INDEX TERM--GENRE/FORM
Genre/form data or focus term fantasy romány
Source of term SNKPH
700 1# - ADDED ENTRY--PERSONAL NAME
Personal name Zidor, Michal
Relationship trl
910 ## - USER-OPTION DATA (OCLC)
User-option data pokpoh
910 ## - USER-OPTION DATA (OCLC)
User-option data ttkjf
910 ## - USER-OPTION DATA (OCLC)
User-option data pppk
910 ## - USER-OPTION DATA (OCLC)
User-option data totk
910 ## - USER-OPTION DATA (OCLC)
User-option data skpk
910 ## - USER-OPTION DATA (OCLC)
User-option data hevk
910 ## - USER-OPTION DATA (OCLC)
User-option data bjkdg
910 ## - USER-OPTION DATA (OCLC)
User-option data vthk
910 ## - USER-OPTION DATA (OCLC)
User-option data sllk
910 ## - USER-OPTION DATA (OCLC)
User-option data snk
942 ## - ADDED ENTRY ELEMENTS (KOHA)
Source of classification or shelving scheme Dewey Decimal Classification
Koha item type Krásna literatúra pre dospelých
Suppress in OPAC No
949 ## - LOCAL PROCESSING INFORMATION (OCLC)
6 17A1254693
a snkSC 173567
b snk2017/6258
o 433/17
s 6100:20170321
949 ## - LOCAL PROCESSING INFORMATION (OCLC)
6 17A1254694
a snkSC 173567 D1
b snk2017/6259
o 433/17
949 ## - LOCAL PROCESSING INFORMATION (OCLC)
6 270001000561676
a svkbbA 151153-1
b svkbbm 769373
Holdings
Stav vyradenia Strata Poškodenie Spôsob nadobudnutia Domovská knižnica Aktuálna knižnica Dátum nadobudnutia Total checkouts Čiarový kód exemplára Date last seen Typ exemplára
      Dar Obecná knižnica Horná Štubňa Obecná knižnica Horná Štubňa 20.03.2026   9788081641060 20.03.2026 Krásna literatúra pre dospelých
Projekt je podporený Slovenskou asociáciou knižníc
Prevádzkuje Turčianska knižnica Martin 2026